Komponist oder Kommunist? - Statistiken

Allgemein
  • Dieses Quiz wurde 207 mal gespielt
  • Das Durchschnittsergebnis liegt bei 10 aus 15
Antwortstatistiken
Frage Antwort % Korrekt
Leonid Breschnew Kommunist
87%
Igor Strawinsky Komponist
86%
Juri Andropow Kommunist
79%
Nicolae Ceaușescu Kommunist
78%
Antonín Dvořák Komponist
78%
Sergej Rachmaninow Komponist
74%
Béla Bartók Komponist
72%
Alexander Dubček Kommunist
71%
Dmitri Schostakowitsch Komponist
68%
Wojciech Jaruzelski Kommunist
66%
Todor Schiwkow Kommunist
61%
Arthur Honegger Komponist
59%
Alexander Borodin Komponist
52%
Alexander Skrjabin Komponist
51%
Krzysztof Penderecki Komponist
48%
Keine übereinstimmenden Quizze gefunden
Verteilung der Resultate
Anzahl Personen mit jedem Resultat
Perzentil nach korrekt beantworteten Fragen
Ihre Resultats-Entwicklung
Sie haben dieses Quiz noch nicht gespielt